00978 am a2200277ua 450000100100000000500170001000800410002702000210006802000230008904000110011204300120012308200240013510000310015924500530019025000120024326000700025530000510032550000240037650400310040065000530043165300250048465500240050994200240053399900170055795201260057401010576620140302115653.0871217s1985 xxkadk grb 001 0 eng d a0860107183 (pbk) a0860107175 (cased) aUkcUk ae-uk---04a658.870941222bLEV1 aLevene, P.q(Peter)93513710aHow to start and run your own shop /cP. Levene. a1st ed. aLondon :aGaithersburg, United States :bGraham & Trotman,c1985. aviii, 176 p. :bchart, forms, tables ;c23 cm. aIndex : p. 173-176. aBibliography : p. 165-171. 0aStores, RetailzGreat BritainxManagement935138 bBUSADMcFebruary2014 vreading book934232 2ddck658.870941 LEV c18054d18026 00102ddc40708Donation-GaMAINbMAINc1STd2014-02-09eDonationl0o658.870941 LEVp000035608r2025-07-15 00:00:00yBB